| 000 | 00366nam a2200145Ia 4500 | ||
|---|---|---|---|
| 008 | 151213s9999 xx 000 0 und d | ||
| 100 | _aR.C. Majumdar | ||
| 245 |
_aThe history of Bengal (Hindu) _bHindu _cR.C. Majumdar |
||
| 260 |
_aDhaka _bUniversity of Dhaka |
||
| 300 | _a988 p. | ||
| 650 | _aHistory | ||
| 650 | _aHistory | ||
| 700 | _aR.C. Majumdar | ||
| 999 |
_c996 _d996 |
||